| 000 | 00812nam a2200253 a 4500 | ||
|---|---|---|---|
| 008 | |||
| 020 | _a1868724948 (pbk.) | ||
| 049 | _aMAIN | ||
| 090 |
_aQL692.A435 _bNEW |
||
| 100 | 1 | _aNewman, Kenneth B. | |
| 240 | 1 | 0 | _aBirds of southern Africa |
| 245 | 1 | 0 |
_aNewman's birds of Southern Africa / _cKenneth Newman. |
| 260 |
_aCape Town : _bStruik Publishers, _c2000. |
||
| 300 |
_axv, 527 p. : _bill., maps (some col.) ; _c21 cm. |
||
| 500 | _aIncludes index. | ||
| 504 | _aIncludes bibliographical references. | ||
| 650 | 0 |
_aBirds _zAfrica, Southern _xIdentification. |
|
| 650 | 0 |
_aBirds _zAfrica, Southern _xPictorial works. |
|
| 907 |
_a.b10127598 _b07-03-11 _c17-06-04 |
||
| 003 | |||
| 005 | 20230123133741.0 | ||
| 040 | _cNUST | ||
| 942 |
_cBOOKS _kQL692.A435 _mNEW |
||
| 999 |
_c153998 _d153998 |
||